| 000 | 00624nam a22002177a 4500 | ||
|---|---|---|---|
| 003 | dpl | ||
| 005 | 20180825161156.0 | ||
| 008 | 180825b xxu||||| |||| 00| 0 eng d | ||
| 010 | _aA-681468 | ||
| 020 |
_a812090432-X _c28.00 |
||
| 035 | _aA-681468 | ||
| 037 | _bBPPD/PUB | ||
| 040 |
_aDPL _bEn _c0 |
||
| 082 |
_a001.64 _bAGA |
||
| 245 |
_aLearning computers / _cby V.B.Aggarwal |
||
| 260 |
_aNew Delhi _bPitambar publishing company pvt.ltd _c1992 |
||
| 270 |
_aEast park road, karol bagh _bNew Delhi |
||
| 300 |
_a120p. _c25cm(Hb) |
||
| 650 | _aCompuer science | ||
| 942 |
_2ddc _cEN _h001.64 _mAGA |
||
| 999 |
_c156348 _d156348 |
||